[Event "Cappelle Online Blitz op 1st"]
[Site "Europe Echecs INT"]
[Date "2021.01.10"]
[Round "7"]
[White "Dardha, Arben"]
[Black "Lobo, Antonio"]
[Result "1-0"]
[WhiteElo "2227"]
[BlackElo "1799"]
[PlyCount "45"]
[EventDate "2021.01.10"]
[EventType "swiss (blitz)"]
[EventRounds "11"]
[EventCountry "FRA"]
[SourceTitle "CBM 200 Extra"]
[Source "ChessBase"]
[SourceDate "2021.03.31"]
[SourceVersion "1"]
[SourceVersionDate "2021.03.31"]
[SourceQuality "1"]

1. e4 c6 2. b3 d5 3. Bb2 dxe4 4. Nc3 Nf6 5. Nge2 Bf5 6. Ng3 Bg6 7. Qe2 e6 8. Ncxe4 Nxe4 9. Nxe4 Nd7 10. 0-0-0 Bxe4 11. Qxe4 Nf6 12. Qh4 Be7 13. Qg3 0-0 14. h4 Qa5 15. Kb1 g6 16. Be2 Ne4 17. Qf4 f5 18. Bc4 Kf7 19. h5 g5 20. Qf3 b5 21. Qxf5+ Ke8 22. Qxe4 bxc4 23. Qxc6+ 1-0